| 000 | 00768nam a22002297a 4500 | ||
|---|---|---|---|
| 999 |
_c406041 _d406041 |
||
| 001 | 119958 | ||
| 003 | UA-OsUOA | ||
| 005 | 20200708113839.0 | ||
| 007 | ta | ||
| 008 | 20161128b un ||||| |||| 00| 0 ukr d | ||
| 040 |
_aUA-OsUOA _bukr _cUA-OsUOA _dUA-OsUOA |
||
| 041 | _aukr | ||
| 080 | _a908(477.81)(082) | ||
| 090 |
_a908(477.81)(082) _bО-78 |
||
| 245 |
_aОстрозька давнина _bнауковий збірник _cгол. ред. Ігор Пасічник ; відп. ред. Ігор Тесленко та ін. _nвип. 3 |
||
| 260 |
_aОстріг _bВид-во НаУОА _c2014 |
||
| 300 | _a372 с. | ||
| 650 | 7 |
_a908 Краєзнавство _2UDC |
|
| 942 |
_cBK _2udc |
||
| 955 | _a1 | ||